Pohjois-, Keski- ja Etelä-Amerikan valtioiden pääkaupungit - Statistics

Yleistilastot
  • Tätä visaa on pelattu 400 kertaa
  • Keskiarvotulos 19 / 35
Vastaustilastot
valtio pääkaupunki % Oikein
Kanada Ottawa
97%
Meksiko Mexico
93%
Yhdysvallat Washington D.C
93%
Brasilia Brasilia
75%
Kuuba Havana
73%
Peru Lima
73%
Argentiina Buenos Aires
72%
Uruguay Monte Video
69%
El Salvador San Salvador
69%
Panama Panama
67%
Chile Santiago
67%
Jamaika Kingston
66%
Guatemala Guatemala
64%
Kolumbia Bogota
62%
Ecuador Quito
60%
Venezuela Caracas
57%
Bolivia La Paz
54%
Costa Rica San Jose
54%
Haiti Port-au-Prince
53%
Paraguay Asuncion
50%
Nicaragua Managua
48%
Guyana Georgetown
47%
Bahama Nassau
47%
Trinidad ja Tobago Port of Spain
47%
Suriname Paramaribo
45%
Belize Belmopan
44%
Antigua ja Barbuda St. John's
40%
Honduras Tegucigalpa
38%
Barbados Bridgetown
35%
Saint Vincent ja Grenadiinit Kingstown
34%
Dominica Roseau
33%
Grenada St. George's
31%
Saint Kitts ja Nevis Basseterre
27%
Saint Lucia Castries
27%
Dominikaaninen tasavalta Santo Dominco
18%
Ehtoja vastaavia visoja ei löytynyt
Tulosjakauma
Jokaisen tuloksen saaneiden osuus
Persentiili vastausten määrän mukaan
Tuloshistoriasi
Et ole pelannut tätä visaa